000 00323nam a2200133Ia 4500
005 20251222143123.0
008 251222s9999||||xx |||||||||||||| ||spa||
020 _a84-240-0300-4
082 _a340.56/G24
100 _aGarcía Valls, Germán
245 0 _aElementos de Derecho:
264 _bEuroamericana
942 _cLIB
999 _c11601
_d11601